|
|
|
|
| LEADER |
00000nam a2200000 i 4500 |
| 001 |
1/43621 |
| 008 |
031027s1995 gre d |
| 035 |
|
|
|l 10071395
|
| 040 |
|
|
|a GR-MY-UA
|b gre
|e aacr
|
| 041 |
0 |
|
|a gre
|
| 082 |
0 |
|
|a 341.2422
|
| 100 |
1 |
|
|a Τσιμπούκης, Αθανάσιος Δ.
|
| 245 |
1 |
3 |
|a Οι νέοι θεσμοί :
|b της διοίκησης και της ελληνικής αγοράς στην Ευρώπη του Μααστριχ και της Λευκής Βίβλου /
|c Αθανάσιου Δ. Τσιμπούκη
|
| 260 |
|
|
|a Αθήνα :
|b [χ.ό.],
|c 1995
|
| 300 |
|
|
|a 797 σ.
|b διαγρ., πιν.
|
| 504 |
|
|
|a Περιλαμβάνει βιβλιογραφία και ευρετήριο
|
| 650 |
0 |
0 |
|a Legislation
|z European Union countries.
|
| 650 |
0 |
0 |
|a Economic assistance, European
|z Greece.
|
| 650 |
0 |
0 |
|a Monetary policy
|z European Union countries.
|
| 651 |
|
0 |
|a European Union countries
|x Commercial treaties.
|
| 651 |
|
0 |
|a Maastricht (Netherlands)
|x Commercial treaties.
|
| 852 |
|
|
|a INST
|b CHIOS
|e 20031027
|h 341.2422 ΤΣΙ
|p 005200013263
|q 005200013263
|t BK
|y 0
|
| 901 |
|
|
|a BIBL2-2003-3
|
| 909 |
|
|
|a Χ
|b 104674
|
| 970 |
|
|
|a ΒΑΣΙΛΑΚΗ
|b ΝΙΚΗ
|z 2003/10/27
|